MARC

LEADER 00000nam2a2200000 4500
001 56446
005 20231031053436.0
035 |a (RuTPU)RU\TPU\book\59291 
035 |a RU\TPU\book\59279 
090 |a 56446 
100 |a 20030930d1981 km y0rusy50 ca 
101 0 |a rus 
102 |a RU 
105 |a a z 000zy 
200 0 |a Вып. 72  |f сост. Э. П. Борноволоков 
210 |d 1981 
215 |a 79 с.  |c ил. 
461 1 |0 (RuTPU)RU\TPU\book\199930  |t В помощь радиолюбителю  |o сборник  |v Вып. 72  |d 1956-1992 
610 1 |a радиоэлектроника 
610 1 |a электроника 
610 1 |a цифровые измерительные приборы 
610 1 |a автомобильная электроника 
610 1 |a фотопечать 
610 1 |a реле времени 
610 1 |a телефонные станции 
610 1 |a радиостанции 
610 1 |a измерители влажности 
610 1 |a электронные часы 
610 1 |a фильмы 
610 1 |a озвучивание 
610 1 |a цифровые синхронизаторы 
675 |a 621.396  |v 3 
702 1 |a Борноволоков  |b Э. П.  |g Эдуард Павлович  |4 220 
801 1 |a RU  |b 63413507  |c 20030929  |g PSBO 
801 2 |a RU  |b 63413507  |c 20200824  |g PSBO 
942 |c BK